000 00592nam a2200181Ia 4500
008 151018s9999 xx 000 0 und d
082 _bRBASDV64192
_a891.463
100 _aगिरीश जाखोटिया
245 _aआक्रमण
250 _b1
260 _bसाकेत प्रकाशन प्रा लि औरंगाबाद
_c2014
300 _a440
600 _aगिरीश जाखोटिया
630 _aआक्रमण
700 _aगिरीश जाखोटिया
730 _aआक्रमण
942 _cBOOK
999 _c1056532
_d1056529